[Event "Asian Juniors 2013"]
[Site "Sharjah UAE"]
[Date "2013.04.01"]
[Round "4.2"]
[White "Debashis,D"]
[Black "Anurag,M"]
[Result "1-0"]
[WhiteElo "2477"]
[BlackElo "2401"]

1.e4 c5 2.Nf3 e6 3.d4 cxd4 4.Nxd4 a6 5.Bd3 g6 6.O-O Bg7 7.Be3 Ne7 8.c4 O-O
9.Nc3 d6 10.Re1 Nd7 11.Rc1 Nc6 12.Nxc6 bxc6 13.Bf1 Qe7 14.Qd2 Rb8 15.Red1 c5
16.a3 f5 17.b4 Qf7 18.exf5 gxf5 19.Bf4 e5 20.Bg5 cxb4 21.axb4 Rxb4 22.Nd5 Rb7
23.Ne7+ Kh8 24.Qxd6 Nf6 25.Nxc8 Ne4 26.Qd3 Rxc8 27.Be3 Rbc7 28.f3 Nc5 29.Qd6 Rc6
30.Qd5 Qe7 31.Rb1 Ne6 32.Rb8 Rxb8 33.Qxc6 Nd4 34.Qxa6 Bf6 35.Qa2 Rg8 36.Kh1 Qb7
37.c5 Qc6 38.Qf7 Rg7 39.Qc4 Rc7 40.f4 Qe4 41.fxe5 Qxe3 42.exf6 Ne6 43.Rd6 Nf8
44.Rd8 Qh6 45.Qf4  1-0

[Event "TCh-NOR Eliteserien 2012-13"]
[Site "Haraldsheim NOR"]
[Date "2013.04.05"]
[Round "7"]
[White "Moen,OC"]
[Black "Borchgrevink,H"]
[Result "1-0"]
[WhiteElo "2225"]
[BlackElo "2280"]

1.e4 c5 2.Nf3 e6 3.d4 cxd4 4.Nxd4 a6 5.Bd3 Qc7 6.O-O Nf6 7.c4 Be7 8.Nc3 d6
9.Re1 Nbd7 10.Bf1 O-O 11.Nc2 b6 12.b3 Bb7 13.Bb2 Rac8 14.Rc1 Qb8 15.Qf3 Rfe8
16.Qh3 Qa8 17.Nd4 Bd8 18.f3 b5 19.cxb5 Qa7 20.Rcd1 e5 21.bxa6 Bc6 22.Ne2 Ba5
23.Kh1 Bxe1 24.Rxe1 exd4 25.Nxd4 Ne5 26.Qg3 Bd7 27.a4 Qb6 28.h3 Qb4 29.Rd1 Be6
30.Bb5 Red8 31.f4 Nxe4 32.Qe3 Nc3 33.Qd2 Ng6 34.Nc6 Qxb3 35.Bxc3 Re8 36.Nd4 Qxc3
37.Qxc3 Rxc3 38.Bxe8 Bd5 39.Nb5 Rxh3+ 40.Kg1  1-0

[Event "e2e4 Gatwick Open 2013"]
[Site "Crawley ENG"]
[Date "2013.04.06"]
[Round "2"]
[White "Malhotra,Tarun"]
[Black "Doci,S"]
[Result "1-0"]
[WhiteElo "1984"]
[BlackElo "2081"]

1.e4 c5 2.Nf3 e6 3.d4 cxd4 4.Nxd4 a6 5.Bd3 Nc6 6.Nb3 Qc7 7.O-O Nf6 8.Qe2 d5
9.exd5 Nxd5 10.Be4 Nf6 11.Bf3 Be7 12.Re1 O-O 13.g3 Bd7 14.Bf4 Qc8 15.c3 Nd5
16.Bd2 Bf6 17.Na3 Ne5 18.Bg2 b5 19.Rac1 Qd8 20.Nc5 Bc6 21.Rcd1 Qb6 22.Ne4 Be7
23.Nc2 Rac8 24.Nd4 Ba8 25.a3 Rfd8 26.Bc1 Nc4 27.Ng5 Nf6 28.Bxa8 Rxa8 29.b3 Nxa3
30.Bb2 b4 31.c4 h6 32.Ngf3 a5 33.Ne5 Bc5 34.Ndc6 Rdc8 35.Qf3 Ra6 36.Rd2 Rxc6
37.Nxc6 Qxc6 38.Rd8+ Bf8 39.Qd3 Nh7 40.Rd1 Ra8 41.Be5 Rxd8 42.Qxd8 Qf3 43.Rd3 Qe2
44.Re3 Qh5 45.Qd3 Qf5 46.Bd6 Qxd3 47.Rxd3 Bxd6 48.Rxd6 a4 49.bxa4 b3 50.Rd8+ Nf8
51.Rb8 Nxc4 52.Rxb3 Nd7 53.Rb4 Na5 54.Rb5 Nc6 55.Rb7 Nc5 56.Rc7 Nxa4 57.Rxc6 Nb2
58.Kf1 Nd3 59.Ke2 Ne5 60.Rc8+ Kh7 61.f4 Ng4 62.h3 Nf6 63.Kf3 h5 64.Rc7 Kg6
65.Ra7 Nd5 66.Ke4 Nc3+ 67.Ke5 Ne2 68.g4 hxg4 69.hxg4 f6+ 70.Ke4 Nc3+ 71.Kf3 Nd5
72.Rd7 Nb4 73.Kg3 Nc2 74.Kf3 Nb4 75.Ke4 f5+ 76.gxf5+ exf5+ 77.Ke5 Nc6+ 78.Kd5 Nb4+
79.Ke6 Nc2 80.Rd3 Nb4 81.Rg3+ Kh6 82.Kf7 Kh5 83.Rg5+ Kh4 84.Kg6 Nd3 85.Kxf5 g6+
86.Rxg6 Kh5 87.Rg1 Kh6 88.Ke4  1-0

[Event "TCh-NOR Eliteserien 2012-13"]
[Site "Haraldsheim NOR"]
[Date "2013.04.06"]
[Round "8"]
[White "Tari,A"]
[Black "Gamback,B"]
[Result "1-0"]
[WhiteElo "2295"]
[BlackElo "2163"]

1.e4 c5 2.Nf3 e6 3.d4 cxd4 4.Nxd4 a6 5.Bd3 Bc5 6.Nb3 Be7 7.Qg4 g6 8.Qe2 d6
9.a4 b6 10.Na3 Nd7 11.Nc4 Bb7 12.O-O Qc7 13.a5 b5 14.Nb6 Nxb6 15.axb6 Qxb6
16.Na5 Rc8 17.Be3 Qc7 18.Nxb7 Qxb7 19.Rxa6 Rb8 20.Rfa1 b4 21.Rb6 Qc7 22.Bb5+ Kf8
23.Qc4 Qc8 24.Rxb8 Qxb8 25.Qc6 Nf6 26.Ra8 Kg7 27.Rxb8 Rxb8 28.Ba7 Rd8 29.Bb6 Rf8
30.f3 h5 31.Ba5 d5 32.e5 Ng8 33.Bd3 Rb8 34.Bc7 Ra8 35.Qb7 Rf8 36.Bd6 Bxd6
37.exd6 Nf6 38.Qe7 Ra8 39.d7 Ra1+ 40.Kf2  1-0

[Event "TCh-CRO II Liga 2013"]
[Site "Split CRO"]
[Date "2013.04.06"]
[Round "2.1"]
[White "Plenkovic,Z"]
[Black "Martinovic,F"]
[Result "1-0"]
[WhiteElo "2388"]
[BlackElo "1909"]

1.e4 c5 2.Nf3 e6 3.d4 cxd4 4.Nxd4 a6 5.Bd3 Qc7 6.O-O Nf6 7.Qe2 d6 8.Nc3 Be7
9.Bd2 O-O 10.Kh1 Nc6 11.Nxc6 bxc6 12.f4 e5 13.fxe5 dxe5 14.h3 Be6 15.b3 a5
16.Na4 Nd7 17.Be3 Rfb8 18.Rf3 Kh8 19.Rd1 Nf8 20.Qf2 Ng6 21.Nb6 Ra7 22.Nd7 Qxd7
23.Bxa7 Ra8 24.Bc5 Nf4 25.Be2 Qe8 26.Bf1 f5 27.Bxe7 Qxe7 28.exf5 Bd5 29.Rxf4 exf4
30.Qxf4 Rd8 31.Kh2 Rf8 32.Bd3 Qa3 33.Qe5 Qb4 34.Rf1 Qb8 35.Qxb8 Rxb8 36.Re1 a4
37.Re7 axb3 38.axb3 Rd8 39.Be4 Kg8 40.Re5 Kf7 41.Bxd5+ cxd5 42.g4  1-0

[Event "TCh-CZE Div1 Vychod 2012-13"]
[Site "Czech Republic CZE"]
[Date "2013.04.07"]
[Round "10.2"]
[White "Piza,V"]
[Black "Kanovsky,D"]
[Result "1-0"]
[WhiteElo "2257"]
[BlackElo "2415"]

1.e4 c5 2.Nf3 e6 3.d4 cxd4 4.Nxd4 a6 5.Bd3 d6 6.c4 g6 7.Nc3 Bg7 8.Be3 Nf6
9.O-O O-O 10.h3 b6 11.Qd2 Re8 12.Bh6 Bh8 13.Rfe1 Bb7 14.Rad1 Nbd7 15.Nf3 Rc8
16.Bf4 e5 17.Bg5 Bg7 18.Bf1 Re6 19.Rc1 Qf8 20.Nd5 h6 21.Bxf6 Bxf6 22.Qe3 Bd8
23.b4 Re8 24.Qb3 Kh8 25.Bd3 h5 26.Rc3 Qh6 27.Rec1 Kg7 28.Qd1 Nf8 29.h4 Ne6
30.g3 Rf8 31.Bf1 f5 32.Bh3 Kh8 33.Qd3 Ng7 34.c5 bxc5 35.bxc5 Rxc5 36.Rxc5 dxc5
37.Rxc5 fxe4 38.Qxe4 Bb6 39.Rc2 Rd8 40.Qb4 Bxf2+ 41.Rxf2 Bxd5 42.Ng5 Nf5
43.Bxf5 gxf5 44.Qe7 Rd6 45.Rxf5 Rd7 46.Rf8+ Bg8 47.Qxe5+ Qg7 48.Rxg8+ Kxg8
49.Qe8+ Qf8 50.Qxd7 Qc5+ 51.Kg2  1-0

[Event "FSGM April 2013"]
[Site "Budapest HUN"]
[Date "2013.04.08"]
[Round "3.3"]
[White "Gledura,B"]
[Black "Kovalev,An"]
[Result "0-1"]
[WhiteElo "2388"]
[BlackElo "2465"]

1.e4 c5 2.Nf3 e6 3.d4 cxd4 4.Nxd4 a6 5.Bd3 Ne7 6.O-O Nbc6 7.Nb3 g6 8.a4 Bg7
9.a5 O-O 10.c3 d5 11.Qe2 Ne5 12.Bc2 Bd7 13.Na3 Ba4 14.Bf4 N5c6 15.Rfd1 Bxb3
16.Bxb3 Qxa5 17.Bd6 Rfe8 18.Bxe7 Nxe7 19.Rd2 Rad8 20.Rad1 Bxc3 21.Rd3 Bg7
22.e5 Nc6 23.f4 Rc8 24.h4 Qb4 25.Qf3 Na5 26.Kh2 Rc7 27.Nc2 Qe7 28.Nd4 Qxh4+
29.Kg1 Rec8 30.f5 Nxb3 31.f6 Nc5  0-1

[Event "1st Hofheim Open"]
[Site "Hofheim GER"]
[Date "2013.04.08"]
[Round "9.9"]
[White "Karabalis,H"]
[Black "Friedrich,N"]
[Result "0-1"]
[WhiteElo "2249"]
[BlackElo "2340"]

1.e4 c5 2.Nf3 e6 3.d4 cxd4 4.Nxd4 a6 5.Bd3 Nf6 6.Qe2 d6 7.Nc3 Be7 8.Bd2 Nbd7
9.f4 Nc5 10.Nf3 O-O 11.O-O-O b5 12.e5 dxe5 13.fxe5 Nxd3+ 14.cxd3 Nd5 15.Ne4 Nb4
16.Bxb4 Bxb4 17.Kb1 Bb7 18.h4 Rc8 19.h5 Be7 20.g4 Bd5 21.g5 Qa5 22.b3 Bxe4
23.Qxe4 Rc2  0-1

[Event "1st Hofheim Open"]
[Site "Hofheim GER"]
[Date "2013.04.08"]
[Round "9.8"]
[White "Klundt,K"]
[Black "Carow,J"]
[Result "1/2-1/2"]
[WhiteElo "2351"]
[BlackElo "2264"]

1.e4 c5 2.Nf3 e6 3.d4 cxd4 4.Nxd4 a6 5.Bd3 Bc5 6.Nb3 Be7 7.Nc3 Nc6 8.O-O Nf6
9.Bd2 O-O 10.f4 d6 11.Qf3 Nb4 12.g4 Nd7 13.g5 Nxd3 14.cxd3 b5 15.Ne2 a5 16.Nbd4 Bb7
17.Qh5 g6 18.Qh6 Re8 19.Rf3 Bf8 20.Qh4 h5 21.Ng3 Bg7 22.Be3 f5  1/2-1/2

[Event "Open Golden Island Krk"]
[Site "Malinska CRO"]
[Date "2013.04.11"]
[Round "8.10"]
[White "Horvath,Re"]
[Black "Remetic,Velimir"]
[Result "1-0"]
[WhiteElo "2042"]
[BlackElo "1899"]

1.e4 c5 2.Nf3 e6 3.d4 cxd4 4.Nxd4 a6 5.Bd3 Nc6 6.Nxc6 dxc6 7.O-O e5 8.f4 Nf6
9.f5 h5 10.Bg5 Qb6+ 11.Kh1 Ng4 12.Be2 f6 13.Bxg4 hxg4 14.Bd2 Bd7 15.Qe1 Qxb2
16.Nc3 b5 17.a3 Qxc2 18.Qe2 Qb3 19.Qxg4 Qf7 20.Rf3 Qh5 21.Qg3 Qh4 22.Qg6+ Ke7
23.Rh3 Qf2 24.Nd5+ Kd6 25.Bb4+ c5 26.Rxh8 cxb4 27.Nxb4 Qd4 28.Rg1 Kc7 29.Nd5+ Kb7
30.Qf7 Qxg1+ 31.Kxg1 Bc5+ 32.Kf1  1-0

[Event "FSGM April 2013"]
[Site "Budapest HUN"]
[Date "2013.04.13"]
[Round "7.5"]
[White "Poetsch,H"]
[Black "Kovalev,An"]
[Result "1/2-1/2"]
[WhiteElo "2426"]
[BlackElo "2465"]

1.e4 c5 2.Nf3 e6 3.d4 cxd4 4.Nxd4 a6 5.Bd3 Nf6 6.O-O Qc7 7.Qe2 Bd6 8.Kh1 Nc6
9.Nxc6 dxc6 10.f4 e5 11.Nd2 b5 12.Nf3 Bg4 13.f5 h6  1/2-1/2

[Event "15th Dubai Open 2013"]
[Site "Dubai UAE"]
[Date "2013.04.15"]
[Round "9.23"]
[White "Carlsson,P"]
[Black "Sachdev,T"]
[Result "1-0"]
[WhiteElo "2520"]
[BlackElo "2409"]

1.e4 c5 2.Nf3 e6 3.d4 cxd4 4.Nxd4 a6 5.Bd3 Bc5 6.Nb3 Ba7 7.Qe2 Nc6 8.Nc3 d6
9.Be3 Nge7 10.O-O-O b5 11.f4 b4 12.Na4 Bd7 13.Qf2 Nc8 14.e5 Nb8 15.Be4 Bxe3+
16.Qxe3 Ra7 17.Rxd6 Qc7 18.Nb6 Nxd6 19.exd6 Qxd6 20.Rd1 Qc7 21.Nxd7 Nxd7
22.Bc6 Qxc6 23.Qxa7 Ke7 24.Na5 Qc8 25.Qd4 Qc7 26.Qxb4+ Kf6 27.Qd4+ Ke7 28.Qb4+ Kf6
29.Qd4+ Ke7 30.Nc4 Rb8 31.b3 Nf6 32.h3 Rb5 33.Ne5 Rc5 34.c4 Rd5 35.Qe3 Rxd1+
36.Kxd1 Qd6+ 37.Kc2 Ne8 38.Qa7+ Qc7 39.Qxa6 f6 40.Qa3+ Kd8 41.Qa8+ Ke7 42.Nc6+ Kd7
43.Nd4 Qxf4 44.Qc6+ Ke7 45.Qxe6+ Kf8 46.Nf5 Qc7 47.a4 g6 48.Nh6 Qg7 49.Ng4 Qa7
50.Qe3 Qb7 51.Qf3 Qe7 52.Qe3 Qa3 53.Qd4 h5 54.Ne3 Qb4 55.Nd5 Qd6 56.Qf4 Qa3
57.Qc1 Qc5 58.Qh6+ Kf7 59.Qe3 Qa3 60.Qa7+ Kf8 61.Qd4 Qd6 62.Nf4  1-0

[Event "13th BCC Open 2013"]
[Site "Pattaya THA"]
[Date "2013.04.16"]
[Round "4.2"]
[White "Wan Yunguo"]
[Black "Koneru,H"]
[Result "1/2-1/2"]
[WhiteElo "2494"]
[BlackElo "2597"]

1.e4 c5 2.Nf3 e6 3.d4 cxd4 4.Nxd4 a6 5.Bd3 Bc5 6.Nb3 Be7 7.c4 d6 8.Nc3 Nf6
9.O-O b6 10.f4 Nbd7 11.Qe2 Bb7 12.Bd2 O-O 13.Rae1 Re8 14.Kh1 g6 15.e5 Nh5
16.exd6 Bxd6 17.Be4 Qc7 18.Bxb7 Qxb7 19.Ne4 Be7 20.Bc3 Qc7 21.Nd4 Nxf4 22.Qg4 f5
23.Qxf4 Qxf4 24.Rxf4 e5 25.Nxf5 exf4 26.Nh6+ Kf8 27.Rf1 g5 28.h4 Bd8 29.Nxg5 Bxg5
30.hxg5 Re4 31.g3 Rxc4 32.gxf4 Re8 33.Kg2 Nc5 34.Nf5 Re2+ 35.Kf3 Ree4 36.Kg3 Nd3
37.Rd1 Rc5 38.Bg7+ Kg8 39.Be5 Rexe5 40.fxe5 Nxe5 41.Rd6 Nf7 42.Nh6+ Nxh6
43.gxh6 Rb5 44.b3 Kf7 45.Rc6 Rb4 46.Kf3 a5 47.Ke3 a4 48.bxa4 Rxa4 49.Rxb6 Rxa2
50.Ke4  1/2-1/2

[Event "4th LUCOPEN 2013"]
[Site "Lille FRA"]
[Date "2013.04.17"]
[Round "6.8"]
[White "Castellanos Rodriguez,R"]
[Black "Maleki,Ma"]
[Result "1-0"]
[WhiteElo "2505"]
[BlackElo "2297"]

1.e4 c5 2.Nf3 e6 3.d4 cxd4 4.Nxd4 a6 5.Bd3 g6 6.O-O Bg7 7.Nb3 Qc7 8.c4 d6
9.Nc3 Nf6 10.Bf4 Nbd7 11.Be2 Ne5 12.Qd2 O-O 13.Rfd1 Nxc4 14.Bxc4 Qxc4 15.Bxd6 Nxe4
16.Nxe4 Qxe4 17.Bxf8 Bxf8 18.Rac1 b6 19.Rc7 a5 20.Qd4 Qxd4 21.Rxd4 Ba6 22.a4 Bg7
23.Rdd7  1-0

[Event "4th LUCOPEN 2013"]
[Site "Lille FRA"]
[Date "2013.04.17"]
[Round "7.7"]
[White "Sharma,Di"]
[Black "Wirig,A"]
[Result "1/2-1/2"]
[WhiteElo "2371"]
[BlackElo "2481"]

1.e4 c5 2.Nf3 e6 3.d4 cxd4 4.Nxd4 a6 5.Bd3 d5 6.exd5 Qxd5 7.O-O Nd7 8.Be3 Bc5
9.Nc3 Qe5 10.Nf3 Qc7 11.Bxc5 Nxc5 12.Be2 Nf6 13.Qd4 b6 14.Rfd1 Bb7 15.Qd6 Qxd6
16.Rxd6 Ncd7 17.Rad1 Ke7 18.R6d4 Rhd8 19.Kf1 h6 20.Rc4 Rac8 21.Rxc8 Rxc8
22.Rd4 Rc7 23.Nd2 Nd5  1/2-1/2

[Event "ch-POL w 2013"]
[Site "Chorzow POL"]
[Date "2013.04.18"]
[Round "6.4"]
[White "Iwanow,A"]
[Black "Gasik,An"]
[Result "1-0"]
[WhiteElo "2209"]
[BlackElo "2238"]

1.e4 c5 2.Nf3 e6 3.d4 cxd4 4.Nxd4 a6 5.Bd3 Bc5 6.Nb3 Be7 7.Be3 d6 8.f4 Nf6
9.N1d2 e5 10.f5 d5 11.exd5 Qxd5 12.Qe2 e4 13.Bc4 Qxf5 14.h3 Nc6 15.g4 Qg6
16.Qf2 b5 17.Bf1 h5 18.gxh5 Qxh5 19.Rg1 Bxh3 20.Bxh3 Qxh3 21.O-O-O Ng4 22.Qf4 Nxe3
23.Rxg7 Nxd1 24.Qxf7+ Kd8 25.Nd4 Qd7 26.Nxc6+ Kc7 27.Nxe7 Rad8 28.Qf4+ Kb7
29.Nf5 Qxg7 30.Qxe4+ Kb6 31.Nxg7 Rh2 32.Qe6+ Kb7 33.Qe7+ Kc8 34.Ne6  1-0

[Event "ch-LAT 2013"]
[Site "Riga LAT"]
[Date "2013.04.19"]
[Round "8.6"]
[White "Dunaveckis,D"]
[Black "Meskovs,N"]
[Result "0-1"]
[WhiteElo "2043"]
[BlackElo "2328"]

1.e4 c5 2.Nf3 e6 3.d4 cxd4 4.Nxd4 a6 5.Bd3 Nf6 6.O-O d6 7.c4 Nbd7 8.Qe2 Be7
9.Nc3 O-O 10.b3 Qc7 11.Bb2 b6 12.Rac1 Bb7 13.f4 Rfe8 14.Bb1 Rad8 15.g4 g6
16.g5 Nh5 17.Qg4 Bf8 18.f5 Ne5 19.Qh3 Qe7 20.f6 Qd7 21.Nce2 d5 22.Nc2 Bc5+
23.Bd4 Bxd4+ 24.Ncxd4 dxe4 25.Rcd1 Nd3 26.Nc2 Qc7 27.Ne3 Qc5 28.Kh1 Qxg5
29.Bc2 Nxf6 30.Qg3 Qxg3 31.hxg3 Kg7 32.Kg2 h5 33.Nc3 Ng4 34.Nxg4 hxg4 35.Bxd3 exd3+
36.Kf2 Rh8 37.Ke3 Rh3 38.Rg1 f5 39.Rxd3 f4+ 40.Kd2 Rxd3+ 41.Kxd3 fxg3 42.b4 g2+
43.Kd2 Rh1 44.Ne2 Bf3 45.c5 bxc5 46.bxc5 Bxe2 47.Rxg2 Bf3 48.Rg3 Rh5 49.c6 Rc5
50.Ke3 Rxc6 51.Rg1 Kf6 52.Rb1 e5 53.Rb8 Rc3+ 54.Kf2 Be4 55.Rf8+ Kg5 56.Re8 g3+
57.Ke2 Kf4 58.Rf8+ Bf5 59.Rb8 Rc2+ 60.Kf1 Bh3+  0-1

[Event "7th Agzamov Memorial"]
[Site "Tashkent UZB"]
[Date "2013.04.19"]
[Round "6"]
[White "Khudoykulov,Nuriddin"]
[Black "Tillyaev,U"]
[Result "1/2-1/2"]
[WhiteElo "1982"]
[BlackElo "2227"]

1.e4 c5 2.Nf3 e6 3.d4 cxd4 4.Nxd4 a6 5.Bd3 Qc7 6.O-O Bd6 7.Kh1 Nc6 8.Nxc6 dxc6
9.f4 e5 10.f5 Nf6 11.c4 h5 12.Be3 Ng4 13.Bg1 Qe7 14.Be2 Nf6 15.Bf3 g5 16.fxg6 fxg6
17.Qc1 Be6 18.c5 Bc7 19.Be3 O-O-O 20.b4 Nh7 21.a4 g5 22.b5 g4 23.Be2 Kd7
24.bxc6+ bxc6 25.Bxa6 Ke8 26.Bc4 Rf8 27.Nd2 h4 28.a5 h3 29.g3 Bb8 30.a6 Ba7
31.Bxe6 Qxe6 32.Nc4 Rxf1+ 33.Qxf1 Qg6 34.Qf5 Qxf5 35.exf5 Rd5 36.Re1 Nf6
37.Bf2 Nd7 38.Nb6 Rd2 39.Kg1 Ra2 40.Nxd7 Kxd7 41.Rxe5 Rxa6 42.Kf1 Ra1+ 43.Re1 Ra5  1/2-1/2

[Event "62nd ch-BUL 2013"]
[Site "Bankya BUL"]
[Date "2013.04.21"]
[Round "5.3"]
[White "Sirkova,D"]
[Black "Ivanova,Si"]
[Result "1-0"]
[WhiteElo "1977"]
[BlackElo "1964"]

1.e4 c5 2.Nf3 e6 3.d4 cxd4 4.Nxd4 a6 5.Bd3 Qc7 6.O-O Nf6 7.Be3 b5 8.a4 b4
9.c3 Bb7 10.Nd2 bxc3 11.Rc1 Bb4 12.bxc3 Be7 13.f4 d6 14.Qe2 Nbd7 15.N4b3 e5
16.a5 O-O 17.Kh1 Nc5 18.Nxc5 dxc5 19.fxe5 Qxe5 20.Rf5 Qc7 21.Bf4 Qc6 22.e5 Nd5
23.Bg3 g6 24.Rf2 Bg5 25.Be4 Qd7 26.Qd3 Rad8 27.Qf3 Nxc3 28.Qxc3 Bxd2 29.Rxd2 Qxd2
30.Qxd2 Rxd2 31.Bxb7 Rfd8 32.Bf3 Ra2 33.Be1 Re8 34.Bc3 Rb8 35.h3 Ra3 36.Bd5 Rd8
37.Bc4 Ra8 38.Bd5 Rd8 39.Bb7 Rd3 40.Be1 Re3 41.Bxa6 Rxe5 42.Bb7 c4 43.a6 Rf5
44.Bb4 Ra4 45.Rxc4 f6 46.Rc8+ Kg7 47.Bc5 Ra5 48.Bb6 Ra1+ 49.Kh2 Rb5 50.Bd4 Ra2
51.Rc7+ Kh6 52.a7 Rba5 53.Bf3 g5 54.Rf7 Ra6 55.Be4 g4 56.Be3+  1-0

[Event "77th ch-BUL 2013"]
[Site "Bankya BUL"]
[Date "2013.04.21"]
[Round "7.5"]
[White "Janev,T"]
[Black "Nikolov,Mo"]
[Result "0-1"]
[WhiteElo "2412"]
[BlackElo "2527"]

1.e4 c5 2.Nf3 e6 3.d4 cxd4 4.Nxd4 a6 5.Bd3 Qb6 6.Nb3 Qc7 7.O-O Nf6 8.Qe2 d6
9.Nc3 Be7 10.Bg5 Nc6 11.Rae1 Bd7 12.f4 h6 13.Bh4 Nxe4 14.Bxe7 Nxc3 15.Qg4 Nxe7
16.Qxg7 Rg8 17.Qxc3 Qxc3 18.bxc3 Nd5 19.Be4 Nxc3 20.Bxb7 Ra7 21.Na5 Rxb7
22.Nxb7 Bc6 23.Nxd6+ Kd7 24.g3 Kxd6 25.Re3 Nd5 26.Re5 Bb5 27.Rd1 f6 28.Re4 f5
29.Re5 Rc8 30.Rd2 Rc3 31.Kf2 a5 32.h3 h5 33.Re1 Bc4 34.Rb1 Kc7  0-1

[Event "48th Capablanca Open I 2013"]
[Site "Havana CUB"]
[Date "2013.04.22"]
[Round "2.6"]
[White "Obregon Rivero,J"]
[Black "Fernandez Hernandez,A"]
[Result "1-0"]
[WhiteElo "2501"]
[BlackElo "2368"]

1.e4 c5 2.Nf3 e6 3.d4 cxd4 4.Nxd4 a6 5.Bd3 Qb6 6.Nb3 Nc6 7.O-O Nf6 8.Be3 Qc7
9.f4 d6 10.c4 Nb4 11.Nc3 Nxd3 12.Qxd3 Be7 13.e5 Nd7 14.Bd4 dxe5 15.fxe5 O-O
16.Ne4 b6 17.Nf6+ Nxf6 18.exf6 gxf6 19.Rxf6 Rd8 20.Rh6 f5 21.Qe3 Rxd4 22.Qxd4 Bf8
23.Rh3 Ra7 24.Rd1 f4 25.Rh4 e5 26.Qd5+ Kh8 27.Rh5 Qg7 28.Qxe5 Qxe5 29.Rxe5 Kg7
30.Rd8 Bd7 31.Re4 f3 32.gxf3 Bf5 33.Re5 Be7 34.Re8 Kf6 35.R8xe7 Rxe7 36.Rxe7 Kxe7
37.Kf2 Kd6 38.Ke3 Bb1 39.a3 Bc2 40.Nd2 b5 41.Kd4 bxc4 42.Nxc4+ Ke6 43.b4 Bd1
44.f4 Ba4 45.Ne5 Kd6 46.f5 Bb5 47.Nc4+ Ke7 48.Nd2 Kf6 49.Ne4+ Ke7 50.f6+ Ke6
51.f7 Ke7 52.Nd6  1-0

[Event "Nakhchivan Open A 2013"]
[Site "Nakhchivan AZE"]
[Date "2013.04.23"]
[Round "2.3"]
[White "Kurnosov,I"]
[Black "Miezis,N"]
[Result "1-0"]
[WhiteElo "2649"]
[BlackElo "2556"]

1.e4 c5 2.Nf3 e6 3.d4 cxd4 4.Nxd4 a6 5.Bd3 Nc6 6.Nxc6 dxc6 7.Nd2 Qc7 8.Qf3 b5
9.a4 Bb7 10.O-O Bd6 11.Qg4 h5 12.Qxg7 Bxh2+ 13.Kh1 Be5 14.Qg5 Bf4 15.Qh4 Ne7
16.Nb3 Bxc1 17.Rfxc1 c5 18.axb5 c4 19.bxa6 Rxa6 20.Rxa6 Bxa6 21.Bf1 Rg8 22.f3 Qd6
23.Na5 c3 24.bxc3 Bxf1 25.Rxf1 Ng6 26.Qf6 Nf4 27.Nc4 Qc7 28.Ra1 Qb8 29.Ne5  1-0

[Event "48th Capablanca Open II 2013"]
[Site "Havana CUB"]
[Date "2013.04.24"]
[Round "4.24"]
[White "Martinez Ival,C"]
[Black "Garcia Herrera,Enrique Ric"]
[Result "1-0"]
[WhiteElo "2129"]
[BlackElo "1556"]

1.e4 c5 2.Nf3 e6 3.d4 cxd4 4.Nxd4 a6 5.Bd3 Nc6 6.Nxc6 bxc6 7.O-O d6 8.Nd2 Nf6
9.b3 Be7 10.Bb2 O-O 11.Kh1 Qc7 12.f4 Re8 13.e5 Nd7 14.Rf3 dxe5 15.Bxh7+ Kxh7
16.Rh3+ Kg8 17.Qh5 f6 18.Qxe8+ Nf8 19.fxe5 Bb7 20.Qh5 f5 21.Ne4 g6 22.Qh8+ Kf7
23.Nf6 Bxf6 24.exf6 Ke8 25.Qxf8+  1-0

[Event "Maharashtra Chess League 2013"]
[Site "Pune IND"]
[Date "2013.04.25"]
[Round "3"]
[White "Gopal,G"]
[Black "Kulkarni,R"]
[Result "1-0"]
[WhiteElo "2526"]
[BlackElo "2277"]

1.e4 c5 2.Nf3 e6 3.d4 cxd4 4.Nxd4 a6 5.Bd3 Qc7 6.Qe2 d6 7.c4 Nf6 8.Nc3 g6
9.O-O Bg7 10.Rd1 O-O 11.Be3 Nc6 12.Nf3 Nd7 13.h3 Nde5 14.Rac1 Bd7 15.Nxe5 dxe5
16.Nd5 exd5 17.cxd5 Qa5 18.dxc6 Bxc6 19.Bc4 Rac8 20.b4 Qa4 21.Bc5 Rfd8 22.Bb3 Qb5
23.Bc4 Qa4 24.Qf3 Be8 25.Bb3 Qc6 26.Bd5 Qc7 27.Qb3 Bf8 28.Bxf8 Qxc1 29.Rxc1 Rxc1+
30.Kh2 Kxf8 31.Qb2 Rf1 32.Qxe5 Rxf2 33.Qc7 Rxd5 34.exd5 Rxa2 35.Qd6+ Kg8
36.Qd8 Re2 37.d6 Kg7 38.d7 Bxd7 39.Qxd7 b5 40.Qd4+ Kg8 41.Kg3 Re6 42.Kf3 Rc6
43.Qd8+ Kg7 44.Qd4+ Kg8 45.g4 h6 46.Kg3 Re6 47.Qd8+ Kg7 48.Qd4+ Kg8 49.Kf4 Kh7
50.Qc5 Kg7 51.Qc3+ Kh7 52.h4 Kg8 53.Qc8+ Kg7 54.Qc3+ Kg8 55.Qd4 Kh7 56.Qd7 Kg7
57.Qd8 Re2 58.Qd6 Re6 59.Qd2 Kg8 60.Qc3 Kh7 61.h5 gxh5 62.gxh5 Kg8 63.Kf5 Kh7
64.Qd2 Kg7 65.Qd8 Rc6 66.Qd4+ Kg8 67.Qd5 Re6 68.Qg2+ Kf8 69.Qb2 Kg8 70.Qc3 Kh7
71.Qg3 Kh8 72.Qg4 Kh7 73.Qd1 Kg7 74.Qd8 Rc6 75.Ke5 Re6+ 76.Kf5 Rc6 77.Ke5 Re6+
78.Kd5 Rf6 79.Qc8 Re6 80.Qc3+ Kg8 81.Qc1 Kg7 82.Qg1+ Kf8 83.Qg4 Ke7 84.Qg7 Rd6+
85.Ke5 Re6+ 86.Kd5 Rd6+ 87.Kc5 Rf6 88.Qg4 Re6 89.Kd5 Rd6+ 90.Kc5 Re6 91.Qf3 Ke8
92.Kd5 Ke7 93.Qg3 Ke8 94.Qg8+ Ke7 95.Qh8 Rf6 96.Ke5 Re6+ 97.Kf5 Rd6 98.Qc3 Rd5+
99.Ke4 Rxh5 100.Qc7+ Kf6 101.Qd6+ Kg7 102.Qxa6 Rg5 103.Kf4 Kh7 104.Qd6 Kg7
105.Qd8 Rh5 106.Qd4+ Kg8 107.Qd8+ Kg7 108.Qd3 Rg5 109.Qe4 Kg8 110.Qe8+ Kg7
111.Qc8 Kh7 112.Qf8 Kg6 113.Qg8+ Kf6 114.Qh7 Rh5 115.Kg4 Rg5+ 116.Kf4 Rh5
117.Kg4 Rg5+ 118.Kh4 Rg6 119.Qh8+ Kf5 120.Qc8+ Re6 121.Qd7 Ke4 122.Qxb5 f5
123.Kg3 f4+ 124.Kf2 Re5 125.Qc6+ Kd4 126.b5 Rc5 127.Qd6+ Kc4 128.b6 Rb5 129.b7 Rxb7
130.Qc6+  1-0

[Event "Nakhchivan Open A 2013"]
[Site "Nakhchivan AZE"]
[Date "2013.04.26"]
[Round "5.19"]
[White "Quparadze,G"]
[Black "Asgarizadeh,A"]
[Result "1-0"]
[WhiteElo "2489"]
[BlackElo "2312"]

1.e4 c5 2.Nf3 e6 3.d4 cxd4 4.Nxd4 a6 5.Bd3 Nf6 6.O-O Qc7 7.Qe2 d6 8.c4 g6
9.Nc3 Bg7 10.Nf3 O-O 11.Rd1 Nc6 12.Bf4 e5 13.Be3 Bg4 14.Bc2 Nd4 15.Bxd4 exd4
16.Rxd4 Nd7 17.Nd5 Qc5 18.Rd2 Ne5 19.Ne3 Bxf3 20.gxf3 Nc6 21.Rd5 Qb6 22.Rb1 Be5
23.a3 Qd8 24.Ng4 Bf4 25.Kg2 Qh4 26.h3 h5 27.Ne3 Be5 28.Qd2 Nd8 29.Rh1 Ne6
30.Kf1 Qf6 31.Bd1 Nf4 32.b4 Rac8 33.Ra5 Qe6 34.Be2 Nxh3 35.Nd5 g5 36.f4 Nxf4
37.Nxf4 gxf4 38.Rd5 Kg7 39.c5 dxc5 40.Rxh5 f6 41.Qd1 Rh8 42.Rd7+ Kg6 43.Bg4 Rxh5
44.Bxh5+ Kh6 45.Bg4 Qc4+ 46.Kg2 Kg5 47.Bf5  1-0

[Event "25th ch-ALG 2013"]
[Site "Algiers ALG"]
[Date "2013.04.28"]
[Round "3.5"]
[White "Haddouche,M"]
[Black "Talbi,Chafik"]
[Result "1-0"]
[WhiteElo "2464"]
[BlackElo "2173"]

1.e4 c5 2.Nf3 e6 3.d4 cxd4 4.Nxd4 a6 5.Bd3 Nf6 6.O-O Qc7 7.Qe2 Bd6 8.h3 Nc6
9.c3 Ne5 10.f4 Nxd3 11.Qxd3 Be7 12.c4 d6 13.Nc3 O-O 14.b3 b6 15.f5 Rd8 16.Bg5 Qd7
17.Qg3 Kh8 18.Rad1 Bb7 19.e5 Ne4 20.Nxe4 dxe5 21.fxe6  1-0

[Event "48th Capablanca Open II 2013"]
[Site "Havana CUB"]
[Date "2013.04.29"]
[Round "8.10"]
[White "Fernandez Guillen,E"]
[Black "Ibanez Milian,D"]
[Result "1-0"]
[WhiteElo "2258"]
[BlackElo "2136"]

1.e4 c5 2.Nf3 e6 3.d4 cxd4 4.Nxd4 a6 5.Bd3 Qc7 6.O-O Nf6 7.Nc3 h5 8.h3 Bc5
9.Nb3 Ba7 10.Qf3 d6 11.Bf4 Nbd7 12.Qg3 Bb8 13.Be3 b5 14.a3 Bb7 15.f4 h4 16.Qf2 d5
17.e5 Ne4 18.Bxe4 dxe4 19.Rad1 Bc6 20.Rd6 Qc8 21.Rd2 a5 22.Rfd1 b4 23.Nxe4 Bxe4
24.Rxd7 O-O 25.R7d2 bxa3 26.bxa3 Qc3 27.Bd4 Qc6 28.Qxh4 Bc7 29.Qf2 Rfd8 30.Kh2 Rac8
31.c3 Bd5 32.Nc5 Bb6 33.Nd3 Bxd4 34.cxd4 Qc3 35.a4 Qa3 36.Nc5 Rb8 37.Qh4 Rdc8
38.Rd3 Rb2 39.Rg3 Qa2 40.Rg1 Rb7 41.Qf6 g6 42.Rg4 Rb2 43.Nxe6  1-0

[Event "48th Capablanca Open I 2013"]
[Site "Havana CUB"]
[Date "2013.05.01"]
[Round "10.55"]
[White "Gonzalez Ochoa,Y"]
[Black "Abarca Gonzalez,D"]
[Result "1/2-1/2"]
[WhiteElo "2060"]
[BlackElo "2026"]

1.e4 c5 2.Nf3 e6 3.d4 cxd4 4.Nxd4 a6 5.Bd3 Bc5 6.Nb3 Be7 7.c4 Qc7 8.Nc3 Nf6
9.O-O d6 10.Be3 b6 11.Rc1 Bb7 12.f3 Nbd7 13.Nd4 O-O 14.b3 Rac8 15.Qd2 Qb8
16.Rfd1 Rfe8 17.Bf1 Bd8 18.Nde2 Bc7 19.Bf4 Ne5 20.Bg5 Ned7 21.Bf4 Ne5 22.Bg5 Ned7  1/2-1/2

[Event "48th Capablanca Open I 2013"]
[Site "Havana CUB"]
[Date "2013.05.01"]
[Round "10.45"]
[White "Figueredo Losada,L"]
[Black "Aliaga Fernandez,I"]
[Result "1/2-1/2"]
[WhiteElo "2347"]
[BlackElo "2184"]

1.e4 c5 2.Nf3 e6 3.d4 cxd4 4.Nxd4 a6 5.Bd3 Qc7 6.c4 Nf6 7.Qe2 d6 8.O-O Be7
9.Nc3 Nc6 10.Nxc6 bxc6 11.f4 Nd7 12.b3 Bf6 13.Bb2 Bd4+ 14.Kh1 c5 15.Nd1 O-O
16.Ne3 Bxb2 17.Qxb2 Bb7 18.Rae1 Rae8 19.Ng4 Qd8 20.Re3 Kh8 21.Rg3 f6 22.Qc2 Qe7
23.Ne3 g6 24.Qc3 Nb8 25.Rh3 Nc6 26.Nc2 Qg7 27.Qd2 f5  1/2-1/2

[Event "Chinese Teams 2013"]
[Site "Tianjin CHN"]
[Date "2013.05.02"]
[Round "3.1"]
[White "Liu,Manli"]
[Black "Javakhishvili,L"]
[Result "0-1"]
[WhiteElo "2143"]
[BlackElo "2464"]

1.e4 c5 2.Nf3 e6 3.d4 cxd4 4.Nxd4 a6 5.Bd3 Nf6 6.O-O Qc7 7.c4 Nc6 8.Nxc6 dxc6
9.Nc3 e5 10.Qe2 Nd7 11.Kh1 Bd6 12.Qg4 g6 13.Qh4 Nc5 14.Bc2 Ne6 15.Ne2 Be7
16.Qg3 g5 17.Qc3 Rg8 18.Be3 c5 19.Ba4+ Kf8 20.Rad1 Nd4 21.Qd3 b5 22.Bxd4 cxd4
23.cxb5 Qa5 24.Bb3 Qxb5 25.Bc4 Qb6 26.Ng3 Qxb2 27.Bd5 Ra7 28.Qc4 Qc3 29.Bxf7 Qxc4
30.Bxc4 Rg6 31.Nf5 Rc6 32.Nxe7 Kxe7 33.Bb3 Rc3 34.Rd2 a5 35.h4 h6 36.Kh2 a4
37.Bd1 a3 38.f3 Be6 39.g3 Rb7 40.hxg5 hxg5 41.Kg2 Rb2 42.Rff2 Rc1 43.f4 Rcb1
44.Bc2 Ra1 45.Bb3 Rxd2 46.Rxd2 Bxb3 47.axb3 a2 48.fxe5 Rg1+  0-1